000 00385nam a22001337a 4500
020 _a8120307607
040 _cNust
082 _a621.3815
_bJOH
100 _aJohnny Rt. Johnson
_9127450
245 _aIntroduction to digital signal processing
260 _aNew Delhi:
_bprentice Hall of india,
_c1989.
650 _aIntroduction to digital signal processing
_9127451
942 _2ddc
_cBK
999 _c612574
_d612574